8085 microprocessor: Architecture programming and interfacing (Record no. 1236978)

MARC details
000 -LEADER
fixed length control field 00890nam a2200325Ia 4500
005 - DATE AND TIME OF LATEST TRANSACTION
control field 20250115124453.0
008 - FIXED-LENGTH DATA ELEMENTS--GENERAL INFORMATION
fixed length control field 008 250103s9999 xx 000 0 eng d
020 ## - INTERNATIONAL STANDARD BOOK NUMBER
International Standard Book Number 9788183330084
037 ## - SOURCE OF ACQUISITION
Stock number Textbook
040 ## - CATALOGING SOURCE
Original cataloging agency CSL
Language of cataloging eng
040 ## - CATALOGING SOURCE
Transcribing agency CSL
041 ## - LANGUAGE CODE
Source of code eng
041 ## - LANGUAGE CODE
Language code of text/sound track or separate title eng
084 ## - COLON CLASSIFICATION NUMBER
Classification number D65, 8(B)3 P8
084 ## - COLON CLASSIFICATION NUMBER
Assigning agency CSL
100 ## - MAIN ENTRY--PERSONAL NAME
Personal name Kumar, K Udaya.
9 (RLIN) 732276
245 #0 - TITLE STATEMENT
Title 8085 microprocessor: Architecture programming and interfacing
245 #0 - TITLE STATEMENT
Statement of responsibility, etc. Kumar, K Udaya ; Umashankar, B S
260 ## - PUBLICATION, DISTRIBUTION, ETC.
Place of publication, distribution, etc. Delhi India
260 ## - PUBLICATION, DISTRIBUTION, ETC.
Name of publisher, distributor, etc. Pearson
260 ## - PUBLICATION, DISTRIBUTION, ETC.
Date of publication, distribution, etc. 2008
300 ## - PHYSICAL DESCRIPTION
Extent ix,610p. ill.
650 ## - SUBJECT ADDED ENTRY--TOPICAL TERM
Topical term or geographic name entry element Chip select logic
9 (RLIN) 732277
650 ## - SUBJECT ADDED ENTRY--TOPICAL TERM
Topical term or geographic name entry element Dma controller
9 (RLIN) 732278
650 ## - SUBJECT ADDED ENTRY--TOPICAL TERM
Topical term or geographic name entry element Microcontroller
9 (RLIN) 732279
650 ## - SUBJECT ADDED ENTRY--TOPICAL TERM
Topical term or geographic name entry element Support chips
9 (RLIN) 732280
700 ## - ADDED ENTRY--PERSONAL NAME
Personal name Umashankar, B S
9 (RLIN) 732281
942 ## - ADDED ENTRY ELEMENTS (KOHA)
Koha item type Textbook
Classification part D65, 8(B)3 P8
Holdings
Withdrawn status Lost status Damaged status Not for loan Home library Current library Date acquired Total Checkouts Full call number Barcode Date last seen Price effective from Koha item type
        Central Science Library Central Science Library 2025-01-15   D65, 8(B)3 P8 SL0860162 2025-01-15 2025-01-15 Textbook
Copyright @ Delhi University Library System